000 00322nam a22001337a 4500
008 170306b xxu||||| |||| 00| 0 eng d
020 _a0892030860
041 _aeng
080 _a611
100 _a6
101 _aSHM
245 _aMUSCULOSKELETAL SOFT-TISSUE AGING: IMPACT ON MOBILITY
_cBUCKWALTER, J.A
942 _2udc
_cBK
999 _c6873
_d6873